| 000 | 00745nam a2200205 4500 | ||
|---|---|---|---|
| 001 | 138656 | ||
| 003 | ES-MaACL | ||
| 005 | 20230906195616.0 | ||
| 007 | t| | ||
| 008 | 070214s1953 sp r ||||1| spa d | ||
| 100 | 1 |
_aSantayana, George. _9103357 |
|
| 245 | 1 | 0 |
_aDominaciones y potestades _b: reflexiones acerca de la libertad, la sociedad y el gobierno / _cJorge Santayana ; traducción del inglés por José Antonio Fontanilla ; con un autorretrato del autor. |
| 260 |
_aMadrid : _bAguilar, _c1953. |
||
| 300 |
_aXIX, 597 p. : _bil. = retr. aut. ; _c21 cm. |
||
| 490 | 1 | _aCol. Literaria | |
| 700 | 1 |
_aFontanilla, José Antonio. _951619 |
|
| 830 | 0 |
_aCol. Literaria _9187024 |
|
| 852 |
_aES-MaACL _jD-9277 _bR.34677 |
||
| 999 |
_c138656 _d138656 |
||